000 01198nas a22002657a 4500
001 5144919
003 UA-OsUOA
005 20230612115748.0
007 ta
008 200121c2006 un mr|p|||||| 00| c rus d
040 _aUA-OsUOA
_bukr
_cUA-OsUOA
_dUA-OsUOA
041 _arus
080 _a004
090 _a004
_bН34
099 _a95083
245 _aНаука и техника
_bжурнал для перспективной молодежи
_cглав. ред. Сальникова И. Н.
260 _aКиев
_bООО Компания "Юнивест Маркетинг"
_c2006
310 _aщомісяця
505 _a«Наука и техника» — ежемесячный научно-популярный иллюстрированный журнал широкого профиля. Основан в 2006 году на Украине. С 2007 года выходит также в России.
650 _2UDC
_a004 Інформаційні технології
856 4 0 _uhttps://naukatehnika.com/
942 _2udc
_cMG
_s1
962 _d2006
999 _c444541
_d444541